| Tag |
First Indicator |
Second Indicator |
Subfields |
| LEADER |
00000cam a22000001a 4500 |
| 001 |
in00003383421 |
| 006 |
m d f |
| 007 |
cr bn mmmapmmp |
| 008 |
100717s1997 dcu o f000 0 eng d |
| 005 |
20260430154842.5 |
| 035 |
|
|
|a cis2007890964
|
| 040 |
|
|
|a ProQuest
|c ProQuest
|d UtOrBLW
|
| 043 |
|
|
|a n-us---
|
| 099 |
|
|
|a CRS-1997-AML-0068
|
| 110 |
2 |
|
|a Library of Congress.
|b Congressional Research Service.
|
| 245 |
1 |
0 |
|a Encryption, Key Recovery & Law Enforcement :
|b Selected Legal Issues and Legislative Proposals.
|
| 264 |
|
1 |
|a [Place of publication not identified] :
|b [publisher not identified],
|c 1997.
|
| 300 |
|
|
|a 1 online resource.
|
| 336 |
|
|
|a text
|b txt
|2 rdacontent
|
| 337 |
|
|
|a computer
|b c
|2 rdamedia
|
| 338 |
|
|
|a online resource
|b cr
|2 rdacarrier
|
| 500 |
|
|
|a Record is based on bibliographic data in ProQuest U.S. Congressional Research Digital Collection (last viewed July 2010). Reuse except for individual research requires license from ProQuest, LLC.
|
| 500 |
|
|
|a CRS Report.
|
| 520 |
|
|
|a Provides background on encryption and related law enforcement concerns. Summarizes and compares legislation addressing regulation of encryption, covering domestic use of encryption, export controls, law enforcement, intelligence, and Government procurement.
|
| 500 |
|
|
|a Electronic resource.
|
| 650 |
|
0 |
|a Cryptography.
|
| 650 |
|
0 |
|a Export controls.
|
| 650 |
|
0 |
|a Public contracts.
|
| 655 |
|
7 |
|a Electronic books.
|2 local
|
| 710 |
2 |
|
|a ProQuest (Firm)
|
| 776 |
0 |
8 |
|i Microfiche version:
|a Library of Congress. Congressional Research Service.
|t Encryption, Key Recovery & Law Enforcement
|
| 830 |
|
0 |
|a U.S. Congressional Research.
|
| 856 |
4 |
0 |
|u http://proxy.library.tamu.edu/login?url=https://congressional.proquest.com/congcomp/getdoc?CRDC-ID=CRS-1997-AML-0068
|z Connect to the full text of this electronic book
|t 0
|
| 999 |
|
|
|a MARS
|
| 999 |
f |
f |
|s e8709ae4-1920-3c94-8ed6-2b00d99f6ed9
|i 6d50c8cf-d195-30bf-b2e8-ee21f3f1dafe
|t 0
|
| 952 |
f |
f |
|a Texas A&M University
|b College Station
|c Electronic Resources
|s www_evans
|d Available Online
|t 0
|e CRS-1997-AML-0068
|h Other scheme
|
| 998 |
f |
f |
|a CRS-1997-AML-0068
|t 0
|l Available Online
|